| 000 | 00439nam a2200109Ia 4500 | ||
|---|---|---|---|
| 008 | 170221s9999 xx 000 0 und d | ||
| 100 | _aMohammed Tehrani | ||
| 245 | _aHow Courts Can Prevent Excess Emitters From Using Bankruptcy as a Forum to Avoid California AB 32’s Allowance Deductions | ||
| 245 | _cMohammed Tehrani | ||
| 650 | _xBusiness | ||
| 856 | _uhttp://digitalcommons.pepperdine.edu/cgi/viewcontent.cgi?article=1110&context=jbel | ||
| 999 |
_c307655 _d307655 |
||